000 00267nam a2200109Ia 4500
008 190216s9999||||xx |||||||||||||| ||und||
100 _aKaroor Neelakandapillai
245 0 _aTherenjedutha Kathakal
260 _bNational Book Stall
650 _aKathakal
942 _cBK
999 _c24318
_d24318